| 000 | 00814nas a2200277 4500 | ||
|---|---|---|---|
| 001 | BR0105159 | ||
| 003 | BR-BrBNA | ||
| 005 | 20231205102512.0 | ||
| 007 | ta | ||
| 008 | 230509b bl.|||p| |||| 00| 00por d | ||
| 040 |
_aBR-BrBNA _bpor _cBiblioteca Nacional de Agricultura |
||
| 041 | _a(Pt) | ||
| 072 | _aH20; J11 | ||
| 100 | 1 | _aFranco, D.A.S. | |
| 100 | 1 | _aBettiol, W. | |
| 245 | 1 | _aControle de Penicillium em pos-colheita de citros com produtos alternativos | |
| 650 | _aFruta Citrica | ||
| 650 | _aMofo | ||
| 650 | _aPos-Colheita | ||
| 650 | _aControle Biologico | ||
| 650 | _aExtrato Vegetal | ||
| 650 | _aAditivo | ||
| 773 | 0 |
_tFitopatologia Brasileira (Brazil) _xISSN 0100-4158 _g(Dec 2000), v. 25(4) p. 602-606 _wBR0105159 |
|
| 909 |
_a202311 _bLúcia _c55 _dLúcia Elande |
||
| 942 |
_2AGRIS _n0 _cANA |
||
| 999 |
_c167888 _d167888 |
||